000 00628nam a2200241Ia 4500
003 OSt
005 20221005124432.0
006 a|||||r|||| 00| 0
007 ta
008 221004b |||||||| |||| 00| 0 tam d
024 _a46258
037 _cTextual
040 _aCRL
_cCRL
_btam
041 _2tam
_atam
082 _aQ26:417xI50,1:g, 31J0.2
100 _aArunagirinathar Au.
245 0 _aMuruga vel panniruthirumurai
260 _c1968
300 _a140p.
_ccm.
650 _aRELIGION
942 _hQ26:417xI50,1:g, 31J0.2
_cTEXL
_2cc
999 _c1050476
_d1050476